00362nam a2200121 4500082001800000100002900018245002800047260005200075300000900127650004300136650003000179650003100209 aTNC AB45 D459 aDevi, Amritaswarupananda aMay your hearts blossom aChicagobParliament of World's Religions c1993 a62p. aAmritanandamayi, -- Mata, -- 1953- --  aHindus -- India -- Kerala aSpiritual life -- Hinduism